Riconosci il Pokémon - Quiz n°584 - Statistics

Statistiche generali
  • Questo quiz è stato fatto 0 volte
  • Il punteggio medio è 0 su 10
Statistiche sulle risposte
Indizio Risposta % Corretto
Altezza 1,1 m
0%
Sesso 50% ♂, 50% ♀
0%
Peso 60,5 kg
0%
Tasso di cattura 75 (17.5%)
0%
Pokémon Musharna
0%
Abilità Premonizione; Sincronismo; Telepatia
0%
Stadio evoluzione Prima evoluzione
0%
Tipo Psico
0%
Generazione Quinta
0%
Tasso di allevamento Veloce
0%
Nessun quiz corrispondente trovato
Distribuzione punteggi
Percentuale di utenti per punteggio
Percentile per numero di risposta
I tuoi punteggi nel tempo
Non hai fatto questo quiz